|
|
|
|
| LEADER |
01394nam a22003734a 4500 |
| 001 |
33339 |
| 003 |
BD-DhAAL |
| 005 |
20180712144330.0 |
| 008 |
180712t2002 nyu b s001 0 eng |
| 999 |
|
|
|c 39708
|d 39708
|
| 010 |
|
|
|a 2002007063
|
| 020 |
|
|
|a 081471627X (cloth : alk. paper)
|
| 020 |
|
|
|a 9780814716281
|
| 020 |
|
|
|a 0814716288 (pbk. : alk. paper)
|
| 040 |
|
|
|a DLC
|c DLC
|d DLC
|d BD-DhAAL
|
| 042 |
|
|
|a pcc
|
| 043 |
|
|
|a n-us---
|
| 050 |
0 |
0 |
|a HV6432
|b .C64 2002
|
| 082 |
0 |
0 |
|a 973.931
|2 21
|
| 245 |
0 |
0 |
|a Collateral language :
|b a user's guide to America's new war /
|c edited by John Collins and Ross Glover.
|
| 246 |
3 |
0 |
|a America's new war
|
| 260 |
|
|
|a New York :
|b New York University Press,
|c c2002.
|
| 300 |
|
|
|a viii, 230 pages ;
|c 24 cm.
|
| 504 |
|
|
|a Includes bibliographical references and index.
|
| 526 |
|
|
|a ARC
|
| 541 |
|
|
|e 33339
|
| 650 |
|
0 |
|a War on Terrorism, 2001-2009.
|9 27019
|
| 650 |
|
0 |
|a Rhetoric
|x Political aspects
|z United States.
|9 27020
|
| 650 |
|
0 |
|a English language
|z United States
|x Rhetoric.
|9 27021
|
| 700 |
1 |
|
|a Collins, John
|q (John Martin)
|9 27022
|
| 700 |
1 |
|
|a Glover, Ross.
|9 27023
|
| 852 |
|
|
|a Department of Architecture
|c General Stacks
|
| 942 |
|
|
|2 ddc
|c BK
|
| 952 |
|
|
|0 0
|1 0
|2 ddc
|4 0
|6 973_931000000000000_COL
|7 0
|9 63735
|a BRACUL
|b BRACUL
|c GEN
|d 2018-07-12
|l 0
|o 973.931 COL
|p 3010033339
|r 2018-07-12
|w 2018-07-12
|y BK
|x Transferred from ARC to BRACUL on 28/12/2023
|